Sarah's garden #1 / Kelly Long.
Available copies
- 2 of 2 copies available at LARL/NWRL Consortium.
- 1 of 1 copy available at Lake Agassiz Regional Library. (Show preferred library)
Current holds
0 current holds with 2 total copies.
View other formats and editions
Show Only Available Copies
| Location | Call Number / Copy Notes | Barcode | Shelving Location | Status | Due Date |
|---|---|---|---|---|---|
| Crookston Public Library | C LON (Text) | 33500011119120 | Main | Available | - |
| Karlstad LINK Site | LON (Text) | 35500004945562 | Main | Available | - |
Record details
- ISBN: 9781595548702 (pbk.)
- ISBN: 159554870X (pbk.)
- Physical Description: ix, 304 p. ; 22 cm.
- Publisher: Nashville, Tenn. : Thomas Nelson, c2010.
Content descriptions
| Summary, etc.: | Shy Sarah King seeks solace and direction from God ... Read More |
Search for related items by subject
| Subject: | Amish > Fiction. |
| Genre: | Christian fiction. Love stories. |
Search for related items by series
| LDR | 01268cam a2200313 a 4500 | ||
|---|---|---|---|
| 001 | 121642 | ||
| 003 | LARL_NWRL_CONSORTIUM | ||
| 005 | 20100812131348.0 | ||
| 008 | 100330s2010 tnu 000 f eng | ||
| 020 | . | ‡a9781595548702 (pbk.) | |
| 020 | . | ‡a159554870X (pbk.) | |
| 035 | . | ‡a(OCoLC)464585751 | |
| 082 | 0 | 0. | ‡a813/.6 ‡222 |
| 100 | 1 | . | ‡aLong, Kelly. ‡0(LARL_NWRL_CONSORTIUM)201253 |
| 245 | 1 | 0. | ‡aSarah's garden ‡n#1 / ‡cKelly Long. |
| 260 | . | ‡aNashville, Tenn. : ‡bThomas Nelson, ‡cc2010. | |
| 300 | . | ‡aix, 304 p. ; ‡c22 cm. | |
| 490 | 0 | . | ‡aPatch of heaven ; ‡v[1] |
| 520 | . | ‡aShy Sarah King seeks solace and direction from God when she falls for the community's new veterinarian, Grant Williams, and finds herself choosing between loving a man who is not Amish or staying with her devoted family. | |
| 650 | 0. | ‡aAmish ‡vFiction. ‡0(LARL_NWRL_CONSORTIUM)163281 | |
| 655 | 7. | ‡aChristian fiction. ‡2gsafd | |
| 655 | 7. | ‡aLove stories. ‡2gsafd | |
| 901 | . | ‡a121642 ‡bOCLC ‡c121642 ‡tbiblio | |

Add to basket
Permalink
Disable Highlighting